000 00336nam a2200133Ia 4500
005 20251222143141.0
008 251222s9999||||xx |||||||||||||| ||spa||
020 _a84-451-0005-X
082 _a704.974.46/C36
100 _aCatania, Ricardo
245 0 _aEstructuras, Espacios, Poéticas
264 _bComunidad de Madrid
942 _cLIB
999 _c12323
_d12323